À descoberta do mundo gráfico (Registo nº 3800)

Detalhes MARC
000 -Etiqueta do registo
Cabeçalho 00980nam0a2200277 4500
005 - Identificador da versão
Campo de controlo 20240813122044.0
095 ## -
-- PTBN00966569
021 ## - Número do Depósito Legal
Código do país PT
Número 99264/96
100 ## - Dados gerais de processamento
Dados gerais de processamento 20170316d1996 c y0pory5003 ba
102 ## - Pais de publicação ou produção
País de publicação Portugal
101 0# - Língua de publicação
Língua do texto, banda sonora, etc. Português
215 ## - Descrição física 
Indicação específica da natureza do documento e extensão da espécie 20, [1] p.
Outras indicações físicas todo il. color
200 1# - Titulo e menção de responsabilidade
Título próprio À descoberta do mundo gráfico
Outras menções de responsabilidade texto Eduardo Alves
-- il. Sara Leite
210 ## - Publicação, Distribuição, etc. 
Lugar da edição, distribuição, etc. [S. l.]
Nome do editor, distribuidor, etc. Associação Portuguesa das Indústrias Gráficas e Transformadoras de Papel
Data da publicação, distribuição, etc. 1996
300 ## - Notas gerais 
Texto da nota Produzido no âmbito do II Festival Nacional de Arte Infantil Riscos e Rabiscos
606 ## - Nome comum usado como assunto
Número de registo de entrada de autoridade 0001779
Palavra de ordem Literatura portuguesa
Subdivisão de assunto Banda desenhada
Código do sistema CA
Número de registo de entrada de autoridade 0001780
Palavra de ordem Impressão (técnica)
Subdivisão de assunto História
Código do sistema CA
675 ## - Classificação Decimal Universal (CDU)
Notação 821.134.3(084.11)
Edição 3ª ed.
Língua da edição por
Notação 655.11(084.11)
Edição 3ª ed.
Língua da edição por
702 #1 - Nome de autor-pessoa física (responsabilidade secundária)
Número de registo de entrada de autoridade 0000224
Palavra de ordem Leite
Outra parte do nome não tomada para palavra de ordem Sara
Código de função Ilustrador / Técnico de desenho computorizado
700 #1 - Nome de autor-pessoa física (responsabilidade principal)
Número de registo de entrada de autoridade 0000223
Palavra de ordem Alves
Outra parte do nome não tomada para palavra de ordem Eduardo
966 ## - Identificação da Biblioteca
Sigla EBVEN
942 ## - Elementos de entrada adicionados (Koha)
Tipo de item no Koha Livro
Exemplares
Situação do levantamento Origin of item (home branch) (coded) Biblioteca de empréstimo Código de barras Cota Circulation type (not for loan) Tipo de documento Nota do exemplar Damaged status
  Biblioteca Escolar das Vendas Biblioteca Escolar das Vendas BEV1664 8BD ALV   Livro Sem mensagem  
  Biblioteca Escolar das Vendas Biblioteca Escolar das Vendas BEV1663 8BD ALV   Livro Sem mensagem